Necesidades especiales en el aula : guía para la formación del profesorado /

Este libro es una fuente de ideas para quienes se dedican a la formación docente y desean preparar mejor a los maestros para hacer frente a la diversidad del alumnado en las escuelas ordinarias. Se basa en el reconocimiento de que los sistemas convencionales de categorización no sirven para represen...

Full description

Bibliographic Details
Main Author: Ainscow, Mel
Format: Libro
Language:Spanish
Published: Madrid, España Narcea 2001
Subjects:

MARC

LEADER 00000cam a2200000 a 4500
001 015512
003 UAHC_CL
005 20170803121249.0
008 051017b2001 sp 000 spa
020 |z 8422711425 
040 |a UAHC_CL  |c UAHC_CL  |d UAHC_CL 
100 1 |a Ainscow, Mel 
245 1 0 |a Necesidades especiales en el aula :  |b guía para la formación del profesorado /  |c Mel Ainscow. 
260 |b Narcea  |c 2001  |a Madrid, España 
300 |a 206 p. 
520 |a Este libro es una fuente de ideas para quienes se dedican a la formación docente y desean preparar mejor a los maestros para hacer frente a la diversidad del alumnado en las escuelas ordinarias. Se basa en el reconocimiento de que los sistemas convencionales de categorización no sirven para representar la diversidad de necesidades especiales y de que las escuelas tendrán que adaptarse para atender a las necesidades de todos sus alumnos.\Se presentan orientaciones detalladas sobre métodos de formación docente,, inclusive reseñar de iniciativas ya adoptadas en distintas partes del mundo. El libro pone de relieve la importan-cia de la capacitación de los futuros docentes y los docentes en activo. 
521 |a Aprendizaje y necesidades educativas especiales 
650 4 |a PERFECCIONAMIENTO DOCENTE 
650 4 |a Perfeccionamiento de profesores 
650 4 |a EDUCACION ESPECIAL 
653 |a MAGISTER EN EDUCACION 
658 |a González, Loreto 
900 |a 371.9 AIN 
942 |c BK 
952 |0 0  |1 0  |2 ddc  |4 0  |6 371_900000000000000_AIN  |7 0  |8 COMP  |9 30954  |a BC  |b BC  |c General  |d 2017-08-03  |l 2  |o 371.9 AIN  |p 1350870  |r 2026-01-13 00:00:00  |s 2017-09-25  |t 1  |w 2017-08-03  |y BK 
952 |0 0  |1 0  |4 0  |6 371_900000000000000_AIN  |7 0  |8 General  |9 30955  |a BC  |b BC  |c General  |d 2017-08-03  |o 371.9 AIN  |p 1350871  |r 2026-01-13 00:00:00  |t 2  |w 2017-08-03  |y BK 
999 |c 15512  |d 15512